<?xml version="1.0" encoding="UTF-8"?>
<record
    xmlns:xsi="http://www.w3.org/2001/XMLSchema-instance"
    xsi:schemaLocation="http://www.loc.gov/MARC21/slim http://www.loc.gov/standards/marcxml/schema/MARC21slim.xsd"
    xmlns="http://www.loc.gov/MARC21/slim">

  <leader>00762nam a22002537a 4500</leader>
  <controlfield tag="005">20230512221549.0</controlfield>
  <controlfield tag="008">180228t        xxu||||| |||| 00| 0 eng d</controlfield>
  <datafield tag="020" ind1=" " ind2=" ">
    <subfield code="a">9789712352539</subfield>
  </datafield>
  <datafield tag="040" ind1=" " ind2=" ">
    <subfield code="c">CSPC</subfield>
  </datafield>
  <datafield tag="082" ind1="0" ind2=" ">
    <subfield code="a">515 </subfield>
    <subfield code="b">M331b </subfield>
  </datafield>
  <datafield tag="100" ind1=" " ind2=" ">
    <subfield code="a">Marcelo, Gladys Glo H.,</subfield>
    <subfield code="e">author.</subfield>
  </datafield>
  <datafield tag="245" ind1="0" ind2="0">
    <subfield code="a">Basic calculus</subfield>
    <subfield code="c">Gladys Glo H. Marcelo</subfield>
  </datafield>
  <datafield tag="260" ind1=" " ind2=" ">
    <subfield code="a">Manila :</subfield>
    <subfield code="b">Rex Book Store.</subfield>
    <subfield code="c">2009.</subfield>
  </datafield>
  <datafield tag="300" ind1=" " ind2=" ">
    <subfield code="a">302 pages :</subfield>
    <subfield code="b">figures, tables ;</subfield>
    <subfield code="c">26 cm.</subfield>
  </datafield>
  <datafield tag="336" ind1=" " ind2=" ">
    <subfield code="2">rdacontent</subfield>
    <subfield code="a">text</subfield>
  </datafield>
  <datafield tag="337" ind1=" " ind2=" ">
    <subfield code="2">rdamedia</subfield>
    <subfield code="a">unmediated</subfield>
  </datafield>
  <datafield tag="338" ind1=" " ind2=" ">
    <subfield code="2">rdacarrier</subfield>
    <subfield code="a">volume</subfield>
  </datafield>
  <datafield tag="500" ind1=" " ind2=" ">
    <subfield code="a">Includes Index.</subfield>
  </datafield>
  <datafield tag="650" ind1="1" ind2="0">
    <subfield code="a">Calculus.</subfield>
  </datafield>
  <datafield tag="940" ind1=" " ind2=" ">
    <subfield code="a">Mar.</subfield>
  </datafield>
  <datafield tag="942" ind1=" " ind2=" ">
    <subfield code="c">BOOK</subfield>
    <subfield code="j">FIL 515 M331b 2009</subfield>
  </datafield>
  <datafield tag="952" ind1=" " ind2=" ">
    <subfield code="0">0</subfield>
    <subfield code="1">0</subfield>
    <subfield code="4">0</subfield>
    <subfield code="7">0</subfield>
    <subfield code="a">CSPC</subfield>
    <subfield code="b">CSPC</subfield>
    <subfield code="c">FIL</subfield>
    <subfield code="d">2023-05-12</subfield>
    <subfield code="l">1</subfield>
    <subfield code="o">FIL 515 M331b 2009</subfield>
    <subfield code="p">010190</subfield>
    <subfield code="r">2025-10-22 14:54:26</subfield>
    <subfield code="s">2025-10-01</subfield>
    <subfield code="t">1-5</subfield>
    <subfield code="w">2023-05-12</subfield>
    <subfield code="y">BK</subfield>
  </datafield>
  <datafield tag="952" ind1=" " ind2=" ">
    <subfield code="0">0</subfield>
    <subfield code="1">0</subfield>
    <subfield code="4">0</subfield>
    <subfield code="7">0</subfield>
    <subfield code="a">CSPC</subfield>
    <subfield code="b">CSPC</subfield>
    <subfield code="c">FIL</subfield>
    <subfield code="d">2023-05-12</subfield>
    <subfield code="l">1</subfield>
    <subfield code="o">FIL 515 M331b 2009</subfield>
    <subfield code="p">010191</subfield>
    <subfield code="r">2024-10-01 11:54:32</subfield>
    <subfield code="s">2024-08-27</subfield>
    <subfield code="t">2-5</subfield>
    <subfield code="w">2023-05-12</subfield>
    <subfield code="y">BK</subfield>
  </datafield>
  <datafield tag="952" ind1=" " ind2=" ">
    <subfield code="0">0</subfield>
    <subfield code="1">0</subfield>
    <subfield code="4">0</subfield>
    <subfield code="7">0</subfield>
    <subfield code="a">CSPC</subfield>
    <subfield code="b">CSPC</subfield>
    <subfield code="c">FIL</subfield>
    <subfield code="d">2023-05-12</subfield>
    <subfield code="l">2</subfield>
    <subfield code="o">FIL 515 M331b 2009</subfield>
    <subfield code="p">010192</subfield>
    <subfield code="r">2023-09-02 00:00:00</subfield>
    <subfield code="s">2023-09-02</subfield>
    <subfield code="t">3-5</subfield>
    <subfield code="w">2023-05-12</subfield>
    <subfield code="y">BK</subfield>
  </datafield>
  <datafield tag="952" ind1=" " ind2=" ">
    <subfield code="0">0</subfield>
    <subfield code="1">0</subfield>
    <subfield code="4">0</subfield>
    <subfield code="7">0</subfield>
    <subfield code="a">CSPC</subfield>
    <subfield code="b">CSPC</subfield>
    <subfield code="c">FIL</subfield>
    <subfield code="d">2023-05-12</subfield>
    <subfield code="l">0</subfield>
    <subfield code="o">FIL 515 M331b 2009</subfield>
    <subfield code="p">010194</subfield>
    <subfield code="r">2023-05-12 00:00:00</subfield>
    <subfield code="t">5-5</subfield>
    <subfield code="w">2023-05-12</subfield>
    <subfield code="y">BK</subfield>
  </datafield>
  <datafield tag="952" ind1=" " ind2=" ">
    <subfield code="0">0</subfield>
    <subfield code="1">0</subfield>
    <subfield code="4">0</subfield>
    <subfield code="7">0</subfield>
    <subfield code="a">CSPC</subfield>
    <subfield code="b">CSPC</subfield>
    <subfield code="c">FIL</subfield>
    <subfield code="d">2023-05-12</subfield>
    <subfield code="l">1</subfield>
    <subfield code="o">FIL 515 M331b 2009</subfield>
    <subfield code="p">010193</subfield>
    <subfield code="r">2026-02-12 08:18:54</subfield>
    <subfield code="s">2026-01-19</subfield>
    <subfield code="t">4-5</subfield>
    <subfield code="w">2023-05-12</subfield>
    <subfield code="y">BK</subfield>
  </datafield>
  <datafield tag="999" ind1=" " ind2=" ">
    <subfield code="c">2166</subfield>
    <subfield code="d">2166</subfield>
  </datafield>
</record>
